000 01166cam a2200289 i 4500
001 bg
003 KOSZ 005
005 20200408130725.0
008 981026s1986 pl a f f |001 0 pol
015 _aPB 1986/2928
020 _a8301059281
020 _a8301060131
040 _aWA N
_cKOSZ 005/HR
_dKOSZ 005/HR
080 _a519.2
080 _a(075.8)
245 0 0 _aRachunek prawdopodobieństwa i statystyka matematyczna w zadaniach.
_nCz. 2,
_pStatystyka matematyczna /
_cW[łodzimierz] Krysicki [et al.].
260 _aWarszawa :
_bPańst. Wydaw. Naukowe,
_c1986.
300 _a328 s. :
_brys., wykr. ;
_c24 cm.
500 _aOprac. na podstawie skryptu uczelnianego Politechniki Łódzkiej pt. Elementy probabilistyki w zadaniach. Cz. 1 : Rachunek prawdopodobieństwa.
504 _aBibliogr. s. 320-321. - Indeksy.
655 4 _aPodręczniki akademickie
650 4 _aStatystyka matematyczna
710 2 _aWydawnictwo Naukowe PWN
_4pbl.
700 1 _aKrysicki, Włodzimierz
_d(1905-2001)
_eAutor
856 _uhttp://koha.tu.koszalin.pl/cgi-bin/koha/opac-detail.pl?biblionumber=2762
_yKatalog online BPK
942 _2UKD
_cKS
999 _c2762
_d2762